=LDR 00000nam 2200000 4500 =001 INLIS000000000003538 =005 20130612091835 =008 ***********************************Ind** =035 ##$$0010-061300000003538 =041 ##$$a Ind =082 ##$$a 610.736 =090 ##$$a 610.736, Mat b =100 ##$$a Mathews, Arline =245 ##$$a Belajar merawat di bangsal penyakit dalam, Arline Mathews; alih bahasa, Iyan Darmawan =260 ##$$a 1987 $b Jakarta =300 ##$$a vi, 116 hlm., ilus., 20 cm =650 ##$$a Perawat dan perawatan penyakit dalam =700 ##$$a Darmawan, Iyan =850 ##$$a NBPNMAT